Library of the University of Algiers 3
Ibrahim Sultan Cheibout
شعار جامعة الجزائر 3
مكتبة جامعة الجزائر 3
إبراهيم سلطان شيبوط

الحماية القانونية للملكية الصناعية : (رقم التسجيلة. 42727)

تفاصيل مارك
000 -LEADER
fixed length control field 01451nam a2200253Ia 4500
003 - CONTROL NUMBER IDENTIFIER
control field Ost
005 - DATE AND TIME OF LATEST TRANSACTION
control field 20260507075055.0
008 - FIXED-LENGTH DATA ELEMENTS--GENERAL INFORMATION
fixed length control field 260507s9999||||xx |||||||||||||| ||und||
020 ## - INTERNATIONAL STANDARD BOOK NUMBER
International Standard Book Number 2001328977
040 ## - CATALOGING SOURCE
Transcribing agency fsecg
041 ## - LANGUAGE CODE
Language code of text/sound track or separate title ara
082 ## - DEWEY DECIMAL CLASSIFICATION NUMBER
Classification number 346.048
100 ## - MAIN ENTRY--PERSONAL NAME
Personal name محمدين، جلال وفاء
Relator term مؤلف
245 #0 - TITLE STATEMENT
Title الحماية القانونية للملكية الصناعية :
Remainder of title وفقا لاتفاقية الجوانب المتصلة بالتجارة من حقوق الملكية الفكرية(تريبس) /
Statement of responsibility, etc. جلال وفاء محمدين
260 ## - PUBLICATION, DISTRIBUTION, ETC.
Place of publication, distribution, etc. الاسكندرية:
Name of publisher, distributor, etc. دار الجامعة الجديدة,
Date of publication, distribution, etc. 2000
300 ## - PHYSICAL DESCRIPTION
Extent 142 صفحة؛
Dimensions 25 سم
490 ## - SERIES STATEMENT
Series statement المكتبة القانونية
504 ## - BIBLIOGRAPHY, ETC. NOTE
Bibliography, etc. note ملحق ص.50
520 ## - SUMMARY, ETC.
Summary, etc. أهمية الحماية القانونية للملكية الفكرية،المبادئ الأساسية في اتفاقية تريبس،الحماية القانونية للمبتكرات طبقا لاتفاقية تريبس،الحماية القانونية لبراءات الإختراع،الحماية القانونية للمبتكرات الأخرى،الحماية القانونية للعلامات التجارية،الحماية القانونية للمؤشرات الجغرافية
653 ## - INDEX TERM--UNCONTROLLED
Uncontrolled term العلامات التجارية
653 ## - INDEX TERM--UNCONTROLLED
Uncontrolled term الملكية الصناعية
653 ## - INDEX TERM--UNCONTROLLED
Uncontrolled term براءات الاختراع
942 ## - ADDED ENTRY ELEMENTS (KOHA)
Koha item type كتب
المقتنيات
Withdrawn status Lost status Source of classification or shelving scheme Damaged status Not for loan Home library Current library Date acquired Serial enumeration / chronology Inventory number Total checkouts Full call number Barcode Date last seen Price effective from Koha item type
    Dewey Decimal Classification   NOT LOAN / إعارة داخلية مكتبة كلية العلوم الإقتصادية والعلوم التجارية وعلوم التسيير مكتبة كلية العلوم الإقتصادية والعلوم التجارية وعلوم التسيير 07/05/2026 الطابق الأرضي 1070/1   أ/1070ن1 1070/1 07/05/2026 07/05/2026 كتب
    Dewey Decimal Classification   Available مكتبة كلية العلوم الإقتصادية والعلوم التجارية وعلوم التسيير مكتبة كلية العلوم الإقتصادية والعلوم التجارية وعلوم التسيير 07/05/2026 الطابق الأرضي 1070/2   أ/1070ن2 1070/2 07/05/2026 07/05/2026 كتب
    Dewey Decimal Classification   Available مكتبة كلية العلوم الإقتصادية والعلوم التجارية وعلوم التسيير مكتبة كلية العلوم الإقتصادية والعلوم التجارية وعلوم التسيير 07/05/2026 الطابق الأرضي 1070/3   أ/1070ن3 1070/3 07/05/2026 07/05/2026 كتب
    Dewey Decimal Classification   Available مكتبة كلية العلوم الإقتصادية والعلوم التجارية وعلوم التسيير مكتبة كلية العلوم الإقتصادية والعلوم التجارية وعلوم التسيير 07/05/2026 الطابق الثاني 1070/4   أ/1070ن4 1070/4 07/05/2026 07/05/2026 كتب
    Dewey Decimal Classification   Available مكتبة كلية العلوم الإقتصادية والعلوم التجارية وعلوم التسيير مكتبة كلية العلوم الإقتصادية والعلوم التجارية وعلوم التسيير 07/05/2026 الطابق الثاني 1070/5   أ/1070ن5 1070/5 07/05/2026 07/05/2026 كتب

موارد الويب المفتوحة


© University of Algiers 3 All Rights Reserved
|
Implemented by LECHELAH Riad